01470nam a2200265Ia 4500001000600000003000900006008004100015040001300056040001300069041001300082100002000095100002900115245003700144245007100181250001100252260001200263260001600275260004900291300005900340500070800399650002601107650003101133700001101164700002901175H2472IT-RoPAU130308s9999 xx 000 0 und d aIT-RoPAU cIT-RoPAU aITALIANO aAgostini Angelo gCodice Aut. SPICS: 20847 aNotizie e giornalismo alla radio bRadio (La). Percorsi e territori di un medium mobile e Interattivo a1a ed. aBOLOGNA bBaskerville c2002 [1° Ed.:2002 - Ed.Ling.Originale:2002] a"99 p. (prefazione: no ; testo: 99 [pagine: 329-427])" aLe notizie nel flusso radiofonico (E Qualche Spunto Sull'Idea di Servizio Publico) di A. Agostini. Velocizzazione e Popolarizzazione nel Giornalismo radiofonico Italiano di C. Sorrentino. Nascita, Sviluppo e Maturità€ nell'informazione della Radio privata Italiana di A. Scaglioni. La Radio Come mezzo di Controinformazione e Mobilitazione Sociale: la copertura di Radio Popolare nelle giornate del G8 di Genova di G. Mazzoleni e F. Boni. Una Radio di giornalisti di F. Nanni. La Radio e Il Grande Evento: Radio capital e L'Attacco All'America di W. Achtner. Funzioni Sociali del giornale Radio di A. Catolfi. Radio Palermo 1943 45: Storia, Modello Giornalistico, strategie comunicative di F. Nicastro. aTEORICHE RADIOFONICHE eCodice materia Spics: 6905 aAA.VV. gCodice Aut. SPICS: 12000